| 000 | 01074nas a2200325 4500 | ||
|---|---|---|---|
| 001 | BR2019000860 | ||
| 003 | BR-BrBNA | ||
| 005 | 20231205131828.0 | ||
| 007 | ta | ||
| 008 | 230509b bl.|||p| |||| 00| 00por d | ||
| 040 |
_aBR-BrBNA _bpor _cBiblioteca Nacional de Agricultura |
||
| 041 | _a(Pt) | ||
| 072 | _aF02 | ||
| 100 | 1 | _aOliveira, F. de A. de | |
| 100 | 1 | _aRibeiro, M. da S. de S. | |
| 100 | 1 | _aOliveira, M.K.T. de | |
| 100 | 1 | _aMartins, D.C. | |
| 100 | 1 | _aSouza Neta, M.L. de S. | |
| 100 | 1 | _aMedeiros, J.F. de | |
| 245 | 1 | _aProdução de mudas de cultivares de maxixeiro em fibra de coco fertirrigadas com diferentes concentrações de nutrientes | |
| 650 | _aMAXIXE | ||
| 650 | _aMUDA | ||
| 650 | _aQUALIDADE | ||
| 650 | _aNUTRIENTE MINERAL | ||
| 650 | _aPROPAGAÇÃO VEGETATIVA | ||
| 773 | 0 |
_tRevista Ceres (Brazil) _xISSN 2177-3491 _g(Sep-Oct 2016), v. 63(5) p. 698-705 _wBR2019000860 |
|
| 856 | 4 | 0 | _uhttp://www.scielo.br/pdf/rceres/v63n5/2177-3491-rceres-63-05-00698.pdf |
| 909 |
_a202311 _bLúcia _c55 _dLúcia Elande |
||
| 942 |
_2AGRIS _n0 _cANA |
||
| 999 |
_c256938 _d256938 |
||